Мне все понятней облака: Стихи, поэмы, "Слово о полку Игореве", заметки о поэзии и природе

מידע ביבליוגרפי
מחבר ראשי: Шкляревский И. И. Игорь Иванович
שפה:רוסית
יצא לאור: Москва, Советский писатель, 1990
נושאים:
פורמט: ספר
KOHA link:https://koha.lib.tpu.ru/cgi-bin/koha/opac-detail.pl?biblionumber=124086

MARC

LEADER 00000nam0a2200000 4500
001 124086
005 20231031130732.0
010 |a 5265007547 
020 |a RU  |b 90-40958 
035 |a (RuTPU)RU\TPU\book\134295 
090 |a 124086 
100 |a 20071029d1990 m y0rusy5003 ca 
101 0 |a rus 
102 |a RU 
105 |a a z 000ay 
200 1 |a Мне все понятней облака  |e Стихи, поэмы, "Слово о полку Игореве", заметки о поэзии и природе  |f И. И. Шкляревский 
210 |a Москва  |c Советский писатель  |d 1990 
215 |a 400 с.  |c ил.  |d 21 см 
327 1 |a Содерж.: Из кн. "Глаза воды", "Чертополох", "Лодка", "Фортуна", "Воля", "Ревность", "Похолоданье, "Неназванная сила", "Тайник", "Слушаю небо и землю"; Слово о полку Игореве: Переложение; Заметки о поэзии и природе 
610 1 |a советская литература 
610 1 |a стихи 
610 1 |a поэмы 
610 1 |a поэзия 
610 1 |a заметки о поэзии 
675 |a Р2  |z rus 
700 1 |a Шкляревский  |b И. И.  |g Игорь Иванович  |4 070 
801 0 |a RU  |b RuMRKP  |c 19950417  |g psbo 
801 1 |a RU  |b 63413507  |c 20071029  |g PSBO 
801 2 |a RU  |b 63413507  |c 20071029  |g PSBO 
942 |c BK